000 01242nam a2200289Ia 4500
003 OSt
005 20200714130913.0
008 191128s2015 ck ad gr 000 0 spa d
020 _a9589768164
040 _aCO-JMCR
_cCO-JMCR
041 0 _aspa
082 0 4 _a330.986 /
_bG192e
_223
100 _aGamboa Ardila, Néstor Raúl, autor
_97197
245 1 3 _aLa economía colombiana :
_bdel modelo de protección al modelo de apertura /
_cNéstos Raúl Gamboa Ardila
250 _aPrimera edición
260 _aMedellín :
_bUniversidad de Medellín,
_c2005.
300 _a252 páginas :
_bgráficos a blanco y negro,
_c23 cm.
500 _aIncluye datos biográficos del autor en la solapa.
505 0 _aLa economía entre 1930 y 1945 -- Desarrollo económico y protección -- Crecimiento económico desarrollo -- El modelo exportador -- Política económica de orientación neoliberal -- Un nuevo modelo de desarrollo -- Hacia una economía de mercado
650 1 4 _aEconomía colombiana
_97198
650 2 4 _aModelos económicos
_97199
650 2 4 _aProteccionismo
_97200
650 2 4 _aLiberalización del intercambio
_92095
650 2 4 _aEstructura económica
_96843
650 2 4 _aApertura económica
_92295
942 _2ddc
_cBK
999 _c5617
_d5617